1629 1439 1844 1116 1189 1196 1541 1810 1950 1605 1168 1304 1924 1650 1337 1368 1519 1589 1728 1234 1908 1444 1953 1951 1231 1176 1721 1530 1938 1034 1868 1239 1211 1749 1533 1856 1413 1891 1553 1267 1396 1185 1924 1761 1895 1134 1198 1148 1202 1348 1881 1177 1503 1659 1909 1841 1369 1422 1741 1153 1978 1398 1662 1586 1445 1600 1138 1619 1845 1699 1203 1059 1566 1865 1664 1943 1305 1818 1888 1831 1338 1658 1208 1119 1553 1808 1358 1328 1347 1229 1211 1653 1512 1483 1874 1732 1745 1690 1665 BCNSPRNW ULIB Ver.6.0+V

เปลี่ยนเป็นภาษาไทย

Change to English
 แสดงรายละเอียดบรรณานุกรม
  กลับหน้าหลัก

Brief Record : Get Marc (ISO 2709) : E-mail record : QR code < ปิดหน้าต่าง
LEADER : 00000nam 2200000uu 4500
001    13399107702
003     ULIB
008    110124s2553||||th 000 0 tha d
020    9789746521345
040    cl
060 04 WE168^bย125ค 2553
100 0  ยงยุทธ ศิริปการ
245 10 ความรู้พื้นฐานทางคลินิก การรักษาผู้ป่วยทางออร์โธปิดิกค์ =^bBasic knowledge of clinical practice in orthopedic /^cยงยุทธ ศิริปการ
246 31 Basic knowledge of clinical practice in orthopedic
250    พิมพ์ครั้งที่ 1
260    กรุงเทพฯ :^bไอกรุ๊ป เพรส,^c2553
300    viii, 328 หน้า :^bภาพประกอบ ;^c26 cm
650  7 กระดูก^xศัลยกรรม
945    ^p450^l0^i029474
945    ^p450^l0^i029460
945    ^p450^l0^i029459
945    ^p450^l0^i029458
995    เกษร
999 ^a ใช้งานได้ทุกระบบ
รายการนี้ยังไม่มีแท็ก
คุณยังไม่ได้ล็อกอิน คุณสามารถมีกิจกรรมร่วมกับเว็บไซต์ได้ แต่ต้องล็อกอินก่อน ::
  ล็อกอิน

รายการสื่อสารสนเทศ

ลำดับที่ ประเภท เลขเรียก/บาร์โค้ด สถานที่ สถานะ
1. วิทยาศาสตร์การแพทย์ และสุขภาพ
วิทยาศาสตร์การแพทย์ และสุขภาพ
WE168 ย125ค 2553 ฉ.4 
  Barcode: 029458
ห้องสมุดวิทยาเขตสวรรค์ประชารักษ์
►ส่วนจัดเก็บหนังสือเก่า สปร
บนชั้น
  ขอยืม
2. วิทยาศาสตร์การแพทย์ และสุขภาพ
วิทยาศาสตร์การแพทย์ และสุขภาพ
WE168 ย125ค 2553 ฉ.5 
  Barcode: 029459
ห้องสมุดวิทยาเขตสวรรค์ประชารักษ์
►ส่วนจัดเก็บหนังสือเก่า สปร
บนชั้น
  ขอยืม
3. วิทยาศาสตร์การแพทย์ และสุขภาพ
วิทยาศาสตร์การแพทย์ และสุขภาพ
WE168 ย125ค 2553 ฉ.6 
  Barcode: 029460
ห้องสมุดวิทยาเขตสวรรค์ประชารักษ์
►ส่วนจัดเก็บหนังสือเก่า สปร
บนชั้น
  ขอยืม
4. วิทยาศาสตร์การแพทย์ และสุขภาพ
วิทยาศาสตร์การแพทย์ และสุขภาพ
WE168 ย125ค 2553 ฉ.7 
  Barcode: 029474
ห้องสมุดวิทยาเขตสวรรค์ประชารักษ์
►ส่วนจัดเก็บหนังสือเก่า สปร
บนชั้น
  ขอยืม

รายการใกล้เคียง
    ผู้แต่ง [ยงยุทธ ศิริปการ]

BibComment


ยังไม่เคยถูกคอมเมนท์

คอมเมนท์ทรัพยากรรายการนี้
  คอมเมนท์: ความรู้พื้นฐานทาง..


 Copyright 2026. Bcnsprnw @Library